| 000 | 00480nam a22001697a 4500 | ||
|---|---|---|---|
| 003 | SGT | ||
| 020 | _a9788131270240 | ||
| 082 |
_a617.96 _bE24S |
||
| 100 | _aSHALKH, BAHA AL. | ||
| 245 | _aESSENTIALS OF EQUIPMENT IN ANESTHESIA CRITICAL CARE AND PCRIOPERATIVE MEDICINE | ||
| 250 | _a6TH | ||
| 260 |
_aINDIA _bELSEVIER PUB _c2024 |
||
| 300 | _a303 | ||
| 650 | _aANESTHESIOLOGY | ||
| 653 | _aEQUIPMENT IN ANESTHESIA CRITICAL CARE AND PCRIOPERATIVE MEDICINE | ||
| 942 |
_2ddc _cBK |
||
| 999 |
_c30529 _d30529 |
||